Les pays aux PIB les plus élevés (2023) - Statistiques

Statistiques générales
  • Ce quiz a été pris 125 fois
  • Le résultat moyen est 17 sur 20
Statistiques - réponses
Rang PAYS PIB en Mds $ % Correct
7 France 2 780
98%
1 USA 26 949
98%
2 Chine 17 700
96%
4 Japon 4 230
95%
15 Espagne 1 582
93%
8 Italie 2 186
91%
6 Royaume-Uni 3 332
91%
11 Russie 1 862
91%
5 Inde 3 732
89%
3 Allemagne 4 430
88%
9 Brésil 2 127
88%
10 Canada 2 118
88%
12 Mexique 1 811
87%
13 Corée du Sud 1 709
82%
14 Australie 1 688
81%
20 Suisse 906
71%
16 Indonésie 1 417
65%
18 Pays-Bas 1 093
61%
19 Arabie Saoudite 1 070
58%
17 Turquie 1 154
54%
Aucun quiz correspondant
Distribution des résultats
% des personnes avec chaque résultat
Percentile par nombre de réponses
Votre historique - résultats
Vous n’avez pas pris ce quiz